Distinciones a los vigilantes honorarios en previsión de incendios forestales
Publicado:
San Jorge, núm. 86 - 87 (2n i 3r trimestre 1972), pàg 131 :
MARC
| LEADER | 00000nam a2200000Ia 4500 | ||
|---|---|---|---|
| 001 | |||
| 008 | 160829s9999 xx 000 0 cat d | ||
| 245 | |a Distinciones a los vigilantes honorarios en previsión de incendios forestales | ||
| 260 | |a San Jorge, núm. 86 - 87 (2n i 3r trimestre 1972), pàg 131 | ||
| 650 | 0 | |a Guardaboscos |9 36689 | |
| 650 | 0 | |a Incendis forestals |x Prevenció i control |9 50256 | |
| 901 | |a Arxiu | ||
| 942 | |n 1 | ||
| 952 | |0 0 |1 0 |4 0 |7 1 |9 47440 |a Arxiu |b Arxiu |d 2016-12-01 |l 0 |r 2016-12-01 00:00:00 |w 2016-12-01 |y ARXIU | ||
| 999 | |c 51238 |d 51238 | ||